| 000 | 01106cam a22001694a 4500 | ||
|---|---|---|---|
| 005 | 20250605163659.0 | ||
| 008 | 250528s ||||||||||||||||||||||||d | ||
| 035 | _a24213 | ||
| 040 |
_aGR-AtMCL _bgre _dGR-AtMCL _eAACR2 |
||
| 245 | 1 | _aΑνταλλαγές Νέων στην Ευρωπαϊκή Κοινότητα | |
| 260 |
_bΔιοικητική Μονάδα 'Εκδόσεις' _bΟπτικοακουστικός Τομέας, Πληροφόρηση, Επικοινωνία Και Πολιτιστικά Θέματα, _c1993 |
||
| 300 | _a8 | ||
| 520 | _aΟι Νέοι της Ευρώπης Μετακινούνται, Η Γνώση δεν Έχει Σύνορα, Προορισμός των Ευρωπαϊκών Ανταλλαγών, Οι Κοινοτικές Χώρες στις Οποίες Πηγαίνουν οι Νέοι με τις Ανταλλαγές Νέων, Νέοι και Επαγγελματική Κατάρτιση, Για την ΟΜΆΔΑ ηΛΙΚΊΑς 15 ΈΩς 25 Ετών, Νεοι για την Ευρώπη. | ||
| 942 | _cCR | ||
| 999 |
_c9107 _d9107 |
||